FROM INTROVERT TO INFLUENCER (Record no. 24558)

MARC details
000 -LEADER
fixed length control field 00286nam a22001337a 4500
003 - CONTROL NUMBER IDENTIFIER
control field SGT
020 ## - INTERNATIONAL STANDARD BOOK NUMBER
International Standard Book Number 9798371337818
082 ## - DEWEY DECIMAL CLASSIFICATION NUMBER
Classification number 650
Item number SHA
100 ## - MAIN ENTRY--PERSONAL NAME
Personal name SHARMA, MONIKA
245 ## - TITLE STATEMENT
Title FROM INTROVERT TO INFLUENCER
260 ## - PUBLICATION, DISTRIBUTION, ETC. (IMPRINT)
Place of publication, distribution, etc NY
Name of publisher, distributor, etc INDEPENDENTLY
Year of Publication 2022
300 ## - PAGE DESCRIPTION
No. of Pages 54
942 ## - ADDED ENTRY ELEMENTS (KOHA)
Source of classification or shelving scheme Dewey Decimal Classification
Koha item type Books
Holdings
Withdrawn status Lost status Source of classification or shelving scheme Damaged status Not for loan Home library Current library Shelving location Date acquired Vendor Name SGTU Total Checkouts Full call number Accession No. (Barcode) Date last seen Bill Date Koha item type
    Dewey Decimal Classification   Not For Loan SGT Science & Social Sciences Library SGT Science & Social Sciences Library On Display 01/08/2023 FACULTY PUBLICATION SGTU   650 SHA MC1152 01/08/2023 01/08/2023 Books